| 000 | 00968nam0a22002771 4500 | ||
|---|---|---|---|
| 001 | RU\INFOCOMM_317\NLR\5000030641 | ||
| 005 | 20250614081013.0 | ||
| 035 | _a(NLR Aleph) 010625130 | ||
| 090 |
_a10616305 _c10616306 |
||
| 100 | _a20130328d1879 |||y0rusy50 ca | ||
| 101 | 0 | _afre | |
| 102 | _aRU | ||
| 105 | _ay z|||| | ||
| 200 | 1 |
_aLa marche diurne du baromètre en Russie et quelques remarques concernant ce phénomène en général _fPar M. Rykatchew |
|
| 210 |
_aСпб. _d1879 _gтип. Акад. наук |
||
| 215 |
_aIV, 126, XXXVIII, 32 с., 4 л. ил. _cил. _d31 см |
||
| 225 | 1 |
_aRepertorium für Meteorologie _vBd. 6. № 10 |
|
| 620 | _aСанкт-Петербург | ||
| 700 | 1 |
_9z01790 _aRykačev _bM. A. _f1840-1919 _gMichail Aleksandrovič |
|
| 790 | 1 |
_9z01700 _aRykatchew _bM. _4070 |
|
| 801 | 1 |
_aRU _bInfocomm _c20130328 |
|
| 801 | 0 |
_aRU _bINFOCOMM _gPSBO |
|
| 852 |
_aNLR _j26.3а.5.1 |
||
| 852 |
_aNLR _j2/934низ |
||
| 942 | _cBOOK | ||
| 980 | _aNB | ||